Statistiques concernant Intercommunalités de la Haute-Loire

Cliquez ici pour prendre le quiz!

Statistiques générales

  • Ce quiz a été pris 20 fois
  • Le résultat moyen est 6 sur 11

Statistiques - réponses

Nombres de CommunesIntercommunalités% Correct
72Communauté d'agglomération du Puy-en-Velay
100%
27Communauté de communes Brioude Sud Auvergne
87%
09Communauté de communes des Sucs
87%
14Communauté de communes Marches du Velay-Rochebaron
67%
12Auzon Communauté
53%
60Communauté de communes des Rives du Haut Allier
47%
06Communauté de communes du Haut-Lignon
47%
07Communauté de communes Loire et Semène
20%
22Communauté de communes Mézenc-Loire-Meygal
20%
08Haut Pays du Velay communauté
20%
20Communauté de communes des Pays de Cayres et de Pradelles
7%

Distribution des résultats

Percentile par nombre de réponses

% des personnes avec chaque résultat

Votre développement - résultats

Vous n’avez pas pris ce quiz